Potreblenie na naselenieto - zavisimosti i tjachnoto projavlenie.
Skúmanie závislosti medzi výškou príjmov obyvateľstva a štruktúrou spotreby so zohľadnením vplyvu cien. Na základe údajov za roky 1990 a 1991 sa skúma prejav týchto závislostí v špecifických bulharských podmienkach. Závery z hľadiska životnej úrovne a správania sa spotrebiteľa ovplyvnených i zásobov...
Salvato in:
| Autore principale: | |
|---|---|
| Natura: | Capitolo di libro |
| Lingua: | bulgaro |
| Soggetti: | |
| Tags: |
Nessun Tag, puoi essere il primo ad aggiungerne!!
|
MARC
| LEADER | 00000naa a2200000 4500 | ||
|---|---|---|---|
| 001 | r008844 | ||
| 005 | 20221125115025.9 | ||
| 041 | 0 | |a bul | |
| 044 | |a BG | ||
| 245 | 1 | 0 | |a Potreblenie na naselenieto - zavisimosti i tjachnoto projavlenie. |c I. Stojkov |
| 520 | |a Skúmanie závislosti medzi výškou príjmov obyvateľstva a štruktúrou spotreby so zohľadnením vplyvu cien. Na základe údajov za roky 1990 a 1991 sa skúma prejav týchto závislostí v špecifických bulharských podmienkach. Závery z hľadiska životnej úrovne a správania sa spotrebiteľa ovplyvnených i zásobovaním trhu a dynamikou cien. | ||
| 610 | 2 | 0 | |a spotreba obyvateľstva |
| 610 | 2 | 0 | |a BR |
| 610 | 2 | 0 | |a 1990-1991 |
| 610 | 2 | 0 | |a príjmy obyvateľstva |
| 610 | 2 | 0 | |a úroveň životná |
| 610 | 2 | 0 | |a ceny |
| 610 | 2 | 0 | |a optimalizácia |
| 610 | 2 | 0 | |a programovanie matematické |
| 100 | 1 | |a Stojkov, I. | |